000 00566nam a2200241Ia 4500
005 20260320201134.0
008 008 262003s9999 xx 000 0 eng d
037 _aEBOOK
040 _aCRL
040 _beng
040 _cCRL
041 _2eng
041 _aeng
084 _qCRL
100 _aBladel
_91134080
245 0 _aSingular Electromagnetic Fields and Sources
260 _bIEEE
260 _c1991
856 _uhttps://ieeexplore.ieee.org/servlet/opac?bknumber=5264335
942 _cEBOOK
999 _c1719156
_d1719156